000 00594nam a22002057a 4500
003 SISC
005 20160203155239.0
008 130906t xxu||||| |||| 00| 0 eng d
020 _a1854716042
050 _aT 39
_b.In45 1994
082 _aHS 604.8
_bILL 1994
100 _aPollard, Michael
_915791
245 _aThe illustrated dictionary of inventors and inventions /
_cMichael Pollard.
260 _aLondon :
_bBloomsbury,
_cc1994.
300 _a160 p. :
_bill. ;
_c17 cm.
651 _aInventors
_916851
651 _aInventions
_916852
942 _2lcc
_cBK
999 _c10511
_d10511